000 00805nam a2200217 i 4500
001 57175
003 ES-MaACL
005 20230906163528.0
007 t|
008 031015s1972 sp ||||1| spa d
245 0 0 _aDistribución de la renta nacional /
_cpresentada por Jean Marchal y Bernard Ducros ; versión por Santiago Alegre Gómez.
260 _aMadrid :
_bEuroamérica,
_c[1972]
300 _a808 p. ;
_c22 cm.
500 _aPrecede al tít.: Fundación Foessa ; Asociación Internacional de Economía. Conferencia de Palermo.
700 1 _aMarchal, Jean.
_976405
700 1 _aDucros, Bernard.
_945858
700 1 _aAlegre Gómez, Santiago.
_919670
710 2 _aFundación FOESSA.
_94303
710 2 _aAsociación Internacional de Economía.
_91726
852 _aES-MaACL
_jC-42933
_bR.82467
999 _c57175
_d57175